Movies Quiz

Random Movies or Actor Quiz

Classic Horror: Jekyll & Hyde Quiz Stats

 Plays Quiz not verified by Sporcle

Score 0/25 Timer 10:00
0 Plays Today
Film and Year Actor % Correct
Dr. Jekyll and Mr. Hyde [1941]Spencer Tracy
65.1%
Dr. Jekyll and Mr. Hyde [1931]Fredric March
58.7%
Dr. Jekyll and Mr. Hyde [1920]John Barrymore
57.1%
Abbott and Costello meet Dr. Jekyll and Mr. Hyde [1953]Boris Karloff
47.6%
Mary Reilly [1996]John Malkovich
39.7%
Dr. Jekyll and Sister Hyde [1971]Ralph Bates and Martine Beswick
30.2%
Jeckyll and Hyde [1990]Michael Caine
30.2%
Edge of Sanity [1989]Anthony Perkins
23.8%
The Pagemaster [1994]Leonard Nimoy
20.6%
ase of Dr. Jekyll and Mr. Hyde [1968, TV movie]Jack Palance
19%
Dr. Heckyl and Mr. Hype [1980]Oliver Reed
17.5%
Jekyll and Hyde [2015, TV series]Tom Bateman
15.8%
The Two Faces of Dr. Jekyll [1960]Paul Massie
14.3%
Film and Year Actor % Correct
Dr. Jekyll and Mr. Hyde [1973, TV movie]Kirk Douglas
14.3%
The League of Extraordinary Gentlemen [2003]Jason Flemyng
14.3%
Jekyll [2007, TV series]James Nesbitt
14.3%
Dr. Jekyll and Mr. Hyde [2008, TV movie]Dougray Scott
14.3%
Son of Dr. Jekyll [1951]Louis Hayward
12.7%
Dr. Jeckyl and Mr. Hyde [1980]David Hemmings
12.7%
Dr. Jekyll and Mr. Hyde [2002, TV movie]John Hannah
12.7%
Dr. Jekyll and Mr. Hyde [1908]Hobart Bosworth
9.5%
Dr. Jekyll and Mr. Hyde [1999, TV movie]Adam Baldwin
9.5%
The Strange Case of Dr. Jekyll and Mr. Hyde [2006]Tony Todd
9.5%
The Ugly Duckling [1959]Bernard Bresslaw
7.9%
Van Helsing [2004]Stephen Fisher
7.9%

You're not logged in!

Compare scores with friends on all Sporcle quizzes.
OR
Log In

Show Comments

Extras

Top Quizzes Today


Score Distribution

Your Account Isn't Verified!

In order to create a playlist on Sporcle, you need to verify the email address you used during registration. Go to your Sporcle Settings to finish the process.

Report this User

Report this user for behavior that violates our Community Guidelines.

Details: